Statistics for 500 Flags of the World #1 - Random 50 Flags

Click here to take the quiz!

General Stats

  • This quiz has been taken 179 times
  • The average score is 13 of 50

Answer Stats

Answer% Correct
Adygea
100%
African Union
100%
Aruba
100%
Asturias
100%
Banská Bystrica Region
100%
Bonaire (Alternatively Caribbean Netherlands)
100%
British Indian Ocean Territory
100%
Catalonia
100%
Cook Islands
100%
Curacao
100%
Emilia-Romagna
100%
Greenland
100%
Guadeloupe (Local/Traditional)
100%
Heard and McDonald Islands
100%
Ivano-Frankivsk Oblast
100%
Jersey
100%
Mayotte (Local/Traditional)
100%
Montserrat
100%
Region of Macedonia
100%
Roman Empire
100%
Ross Dependency
100%
Saint Helena
100%
Shetland
100%
Sicily
100%
Tokelau
100%
Tuva
100%
Udmurtia
100%
United Nations
100%
Veneto
100%
Yugoslavia
100%
Yukon
100%
Crimea
86%
Isle of Man
86%
Canary Islands
80%
Faroe Islands
80%
Gibraltar
80%
New Caledonia
80%
Niue
80%
Pitcairn Islands
80%
Turks and Caicos Islands
80%
Wallis and Futuna
80%
England
78%
Bashkortostan
75%
Bavaria
75%
Brittany
75%
Buryatia
75%
Cape Breton Island (Unofficial Version)
75%
Christmas Island
75%
French Polynesia
75%
German Empire
75%
Lazio
75%
Nunavut
75%
Stockholm
75%
Wales
75%
Anguilla
71%
Christiania
71%
European Union
71%
Ingushetia
71%
Moscow
71%
Sint Maarten
71%
Abruzzo
67%
Antwerp
67%
Australian Aboriginal
67%
Azores
67%
Basque Country
67%
Berlin (State Service Flag)
67%
Central Denmark Region
67%
French Guiana (Local)
67%
Guernsey
67%
Komi Republic
67%
Martinique (Government)
67%
Martinique (Traditional)
67%
Norfolk Island
67%
Northern Cyprus
67%
Reunion (Local)
67%
Saba
67%
Sardinia
67%
Scotland
67%
Svalbard and Jan Mayen
67%
Tatarstan
67%
Torres Strait Islander
67%
Austria-Hungary (Merchant Ensign)
63%
British Virgin Islands
63%
Sint Eustatius
63%
Bern (Coat of Arms)
60%
Bremen
60%
Cornwall
60%
Council of Europe
60%
French Southern and Antarctic Lands/Adelie Land
60%
Jewish Autonomous Oblast
60%
Kabardino-Balkaria
60%
Madeira
60%
Netherlands Antilles
60%
President of Ireland
60%
Quebec
60%
Bavaria (Striped)
57%
Corsica
57%
Greater London
57%
Wallachia
57%
Sami People
54%
Åland (Islands)
50%
Alberta
50%
Berlin
50%
Bermuda
50%
Bohemia
50%
Bouvet Island
50%
Calabria
50%
Campania
50%
Cayman Islands
50%
Ceuta
50%
Donetsk (People's Republic)
50%
East Germany
50%
Friesland
50%
Guadeloupe (Government)
50%
Guadeloupe (Local/Traditional)
50%
Hutt River
50%
Kaliningrad
50%
Krasnodar Krai
50%
Latvian Russians
50%
Luxembourg (Province)
50%
Miquelon-Langlade
50%
Mordovia
50%
Northern Ireland
50%
Northern Savonia
50%
North Ossetia-Alania
50%
Ontario
50%
Paris
50%
Perm Krai
50%
Republika Srpska
50%
Rome
50%
Saint Barthelemy
50%
Saint Martin (Government)
50%
Sakha
50%
Satin Pierre and Miquelon
50%
Schleswig-Holstein
50%
Sofia
50%
South Georgia and the South Sandwich Islands
50%
Soviet Union
50%
Transnistria
50%
Tyrol
50%
Mecklenburg-Vorpommern
43%
Monaco (Lozenge)
43%
Alderney
40%
Ascension Island
40%
British Columbia
40%
Connacht
40%
Hamburg (admiralty)
40%
Isle of Skye
40%
Romansh People
40%
Ruggell
40%
South Aegean
40%
Tristan da Cunha
40%
Asia Cooperation Dialogue
38%
Luhansk (People's Republic)
38%
Muslims
38%
Anangu Pitjantjatjara Yankunytjatjara
33%
Australian Capital Territory
33%
Baden-Württemberg (Greater Arms)
33%
Balzers
33%
Bear Island
33%
Bremen (Staatsflagge)
33%
Brussels (Community Commission)
33%
Gagauzia
33%
Hamburg
33%
Holy Roman Empire
33%
Lisbon
33%
Lord Howe Island
33%
Loyalty Islands
33%
Mari El
33%
Mecklenburg-Vorpommern (state)
33%
Molise
33%
Newfoundland Tricolor
33%
North Province
33%
Nova Scotia
33%
Orkney
33%
Piedmont
33%
Royal Banner of Scotland
33%
Saxony
33%
Sigave
33%
Vitsebsk Voblasts
33%
Zala County
33%
Marche
30%
Altai Krai
29%
British Cyprus
29%
Brussels-Capital Region
29%
Gambier Islands
29%
Karachay-Cherkessia
29%
Kyiv
29%
Liguria
29%
Prussia
29%
Ærø
25%
Amsterdam
25%
Aragon
25%
Austral Islands
25%
Baden-Württemberg
25%
Bremen (Dienstflagge)
25%
Capital Region of Denmark
25%
Cardiff
25%
Dagestan
25%
Flanders
25%
French Society of Vexillology
25%
Gay and Lesbian Kingdom of the Coral Sea Islands
25%
Gibraltar (Registered Vessel)
25%
Hamburg (state)
25%
Khakassia
25%
Košice Region
25%
Marquesas Islands
25%
Moldavia
25%
New South Wales
25%
Prince Edward Island
25%
Reunion (Traditional)
25%
Salzburg
25%
Sarajevo Canton
25%
Satakunta
25%
Society Islands
25%
Spanish Empire
25%
Tavastia Proper
25%
Trentino Alto Adige
25%
Ungheni
25%
Tuamotu Archipelago
22%
Andalusia
20%
Austrian Empire
20%
Auvergne-Rhône-Alpes
20%
Baden-Württemberg (Lesser Arms)
20%
Balearic Islands
20%
Budapest
20%
Chuvashia
20%
Frisians in Denmark
20%
Fuerteventura
20%
Karelia
20%
Liege
20%
Lithuania (state)
20%
Lordship of Milan
20%
Mide
20%
Minsk
20%
New Brunswick
20%
Newfoundland and Labrador
20%
North Brabant
20%
Reykjavik
20%
Sarakatsani
20%
Western Greece
20%
Altai Republic
17%
Athens
17%
Bornholm
17%
Burgenland
17%
Chechnya
17%
Crete
17%
Galicia
17%
Lombardy
17%
Lower Austria
17%
Lower Saxony (Niedersachsen)
17%
Murrawarri Republic
17%
Nicosia
17%
Northwest Territories
17%
Saskatchewan
17%
Schaan
17%
Schellenberg
17%
Setos
17%
St. Petersburg
17%
Tino rangatiratanga (National Maori Flag)
17%
Valencian Community
17%
Atlantium
14%
Australian Antarctic Territory
14%
Drenthe
14%
German-speaking community
14%
Navarre
14%
Prague
14%
Stavropol Krai
14%
Ulster
14%
Upper Austria
14%
Žilina Region
14%
Flevoland
13%
Ibiza
13%
Isle of Wight
13%
Martinique (Co-official/Local)
13%
Tenerife
13%
Brisbane
11%
Royal Prussia
11%
Vaduz
11%
Kainuu
10%
Adelaide
0%
Akrotiri and Dhekelia
0%
Alo
0%
Anenii Noi
0%
Anglesey
0%
Aosta Valley
0%
Apulia
0%
Ashmore and Cartier Islands
0%
Barra
0%
Basilicata
0%
Belfast
0%
Belgrade
0%
Betzdorf
0%
Bourgogne-Franche-Comté
0%
Brandenburg
0%
Bratislava Region
0%
Brest Voblast
0%
Breton Vexillological Society
0%
British Antarctic Territory
0%
British Antarctic Territory (alternate)
0%
Bucharest
0%
Bumbunga
0%
Cantabria
0%
Cape Breton Island
0%
Carinthia
0%
Castile and Leon
0%
Castilla-La Mancha
0%
Central Finland
0%
Central Ostrobothnia
0%
Centre Region
0%
Chatham Islands
0%
Cherkasy Oblast
0%
Chernihiv Oblast
0%
Chernivtsi Oblast
0%
Chisinau
0%
Cieszyn Silesia
0%
(City of) London
0%
Clipperton Island
0%
Cocos (Keeling) Islands
0%
Coral Sea Islands Territory
0%
Crimslia
0%
Czechoslovakia
0%
Czech Silesia
0%
Darwin
0%
Diekirch
0%
Dnipro Oblast
0%
Donetsk Oblast
0%
Drochia
0%
Dublin
0%
East Flanders
0%
East Karelians
0%
Edinburgh
0%
El Hierro
0%
Elleore
0%
Eschen
0%
Eurasian Economic Union
0%
Extremadura
0%
Falkland Islands
0%
Flag Data Center (Czechia)
0%
Flag Society of Australia
0%
Flemish Brabaunt
0%
Forest Finns
0%
Formentera
0%
French Guiana (Government)
0%
French Guiana (Traditional)
0%
Friuli-Venezia Giulia
0%
Gamprin
0%
Gelderland
0%
Gibraltar (Government Vessel)
0%
Governor-general of Canada
0%
Gozo
0%
Gran Cranaria
0%
Grand Est
0%
Greek Aromanians
0%
Groningen
0%
Hainaut
0%
Hauts-de-France
0%
Helsinki
0%
Herm
0%
Hesse
0%
Hesse (state)
0%
Hobart
0%
Homiel Voblast
0%
Hrodna Voblasts
0%
Île-de-France
0%
Ingrians
0%
Irkutsk Oblast
0%
(Island of) Vancouver
0%
Isle of Portland
0%
Isle of Sicily
0%
Jervis Bay Territory
0%
Kalmykia
0%
Kamchatka Krai
0%
Khabarovsk Krai
0%
Kharkiv Oblast
0%
Kherson Oblast
0%
Khmelnitskyi Oblast
0%
Knights (of) Templar
0%
Kociewie
0%
Krasnoyarsk Krai
0%
Labrador
0%
La Gomera
0%
Lajtabánság
0%
Landtag of Saxony
0%
Lanzarote
0%
La Palma
0%
La Rioja
0%
Leinster
0%
Limburg (Belgium)
0%
Limburg (Netherlands)
0%
Ljubljana
0%
Lucina
0%
Luxembourg (Capital City)
0%
Madrid
0%
Mahilyow Voblasts
0%
Mallorca
0%
Manitoba
0%
Mauren
0%
Melbourne
0%
Melilla
0%
Menorca
0%
Minsk Voblast
0%
Moravia
0%
Mount Athos
0%
Mulgi People
0%
Munster
0%
Namur
0%
Native Guyanese
0%
Nitra Region
0%
Normandy
0%
North Denmark (Jutland) Region
0%
Northern Territory
0%
North Holland
0%
North Karelia
0%
North Rhine-Westphalia
0%
North Rhine-Westphalia (state)
0%
North Schleswig Germans
0%
Nouvelle-Aquitaine
0%
Occitania
0%
Organization of American States
0%
Orhei
0%
Oslo
0%
Otago
0%
Ottawa
0%
Outer Bald Tusket Island
0%
Outer Hebrides
0%
Overjissel
0%
Pacific Islands Forum
0%
Päijänne Tavastia
0%
Partioheraldikot
0%
Pays de la Loire
0%
Perth
0%
Planken
0%
Podgorica
0%
Portuguese Macau
0%
Prešov Region
0%
Primorsky Krai
0%
Pristina
0%
Queensland
0%
Region de Murcia
0%
Region of Southern Denmark
0%
Region Sud
0%
Region Zealand
0%
Rhineland-Palatinate
0%
Riga
0%
Saarland
0%
Saguenay-Lac-Saint-Jean
0%
Sarajevo
0%
Sark
0%
Saxony-Anhalt
0%
Saxony (state)
0%
Schleswig-Holstein (state)
0%
Sevastopol
0%
Skopje
0%
South Australia
0%
Southern Ostrobothnia
0%
South Holland
0%
South Province
0%
South Savonia
0%
South Uist
0%
Styria
0%
Sydney
0%
Székely Land
0%
Tallinn
0%
Tasmania
0%
Thessaly
0%
Thuringia
0%
Thuringia (state)
0%
Tiraspol
0%
Transylvania
0%
Trenčín Region
0%
Triesen
0%
Triesenberg
0%
Trnava Region
0%
Tuscany
0%
Umbria
0%
Union of South American Nations
0%
Utrecht
0%
Uusimaa
0%
Uvea
0%
Valletta
0%
Victoria
0%
Vienna
0%
Vilnius
0%
Vorarlberg
0%
Voros
0%
Wallonia
0%
Walloon Brabant
0%
Warsaw
0%
Wellington
0%
Western Australia
0%
Western Canada
0%
Western Pomerania
0%
West Flanders
0%
Worcestershire
0%
Yenish People
0%
Zabaykalsky Krai
0%
Zagreb
0%
Zagubica
0%
Zeeland
0%

Score Distribution

Percentile by Number Answered

Percent of People with Each Score

Your Score History

You have not taken this quiz